Políticas de apoyo a las familias : una propuesta desde el mundo local / [Documento elaborado por la Diputación de Barcelona, con el asesoramineto de Cristina Brullet] una propuesta desde el mundo local / [Documento elaborado por la Diputación de Barcelona, con el asesoramineto de Cristina Brullet]

Publicat: [Barcelona] : Diputació de Barcelona, Institut d'Edicions , 2003
Descripció física: 80 p. : taules ; 30 cm + 1 CD-ROM
Altres autors: Brullet, Cristina

MARC

LEADER 00000nam a2200000Ia 4500
001 16054
008 160829s2003 xx 000 0 cat d
080 |a C-2-331 
245 |a Políticas de apoyo a las familias :  |b  una propuesta desde el mundo local / [Documento elaborado por la Diputación de Barcelona, con el asesoramineto de Cristina Brullet] 
260 |a [Barcelona] :  |b Diputació de Barcelona, Institut d'Edicions,  |c 2003 
300 |a 80 p. :  |b  taules ;  |c 30 cm + 1 CD-ROM 
590 |a A la part superior de la coberta: Diputació de Barcelona, Xarxa de municipis 
650 |a Administració local  |x Barcelona (Província)  |x Aspectes socials   |9 32935 
651 0 |a Barcelona (Catalunya : Província)   |x Política familiar  |9 54070 
700 |a Brullet, Cristina   |9 32937 
710 1 |a Barcelona (Catalunya : Província).  |b Diputació  |9 52408 
901 |a Arxiu 
942 |n 1 
952 |0 0  |1 0  |4 0  |6 C2331  |7 1  |9 46151  |a Arxiu  |b Arxiu  |d 2016-12-01  |l 0  |o C-2-331  |p 16054  |r 2016-12-01 00:00:00  |w 2016-12-01  |y ARXIU 
999 |c 49653  |d 49653